| 000 | 00745cam a2200205 a 4500 | ||
|---|---|---|---|
| 001 | 000007641 | ||
| 005 | 20200929154237.0 | ||
| 008 | 890502s1986 cu a b 000 0dspa | ||
| 040 |
_aDO-SdBNP _cDLC _dDLC |
||
| 082 |
_a928.61 _bB928d |
||
| 100 | 1 |
_aBueno, Salvador, _d1917-2006. _921197 |
|
| 245 | 1 | 0 |
_aDomingo del Monte : _b¿quién fue? / _cSalvador Bueno; edición de José Rodríguez Feo. |
| 260 |
_aLa Habana : _bUnión de Escritores y Artistas de Cuba, _c1986. |
||
| 300 |
_a66 p. : _bil. ; _c19 cm. |
||
| 504 | _aBibliografías: p. 59-60. | ||
| 600 | 1 | 4 |
_aDEL MONTE, DOMINGO _d1804-1853 _921198 |
| 650 | 4 |
_aAutores cubanos _ySIGLOXX _xBiografías _921199 |
|
| 700 | 1 |
_aRodríguez Feo, José _eed. _916879 |
|
| 910 | _aCatalogación por copia / LC | ||
| 999 |
_c7421 _d7421 |
||